000 01327nas a2200265 454500
001 29620
005 20260407193508.0
008 260407s1984####ag###########|||spa#d
003 AR-UNSa-BCEJYS
040 _aAR-UNSa-BCEJYS
_bspa
_cAR-UNSa-BCEJYS
080 _a657-051
_xProfesional en Ciencias Económicas (Contador...)
245 1 0 _aRevista de la Federación Argentina de Consejos Profesionales de Ciencias Económicas
264 1 _aBuenos Aires :
_bFACPCE (Federación Argentina de Consejos Profesionales de Ciencias Económicas)
_c1984
310 _aFrecuencia: Trimestral A partir del cambio de título en la publicación "Boletín FACPCE", la frecuencia es irregular A partir del Nº 9 Cambia de título por "Temas" A partir del año 1998 cambia de título por "Boletín FACPCE" A partir del año 2007 cambia de título por "Imagen Profesional"
041 _aspa
942 _cSER
590 _aniveau_biblio:s niveau_hierar:1
100 1 _aFederación Argentina de Consejos Profesionales de Ciencias Económicas (FACPCE)
700 1 _aIrizar, Ignacio
650 _aCONTABILIDAD
650 _aFormación profesional
650 _aNormas Contables
650 _aPROFESIONALES DE CIENCIAS ECONOMICAS
856 4 1 _uhttps://biblioeco.unsa.edu.ar/pmb/images/revistas/FACPCE-r14335.jpg
_yImagen de portada
_qimage/jpeg
999 _c8672
_d8672